O garoto verde (Record no. 68366)

MARC details
000 -LÍDER
campo de controle de tamanho fixo 00330 a2200157 4500
001 - NÚMERO DE CONTROLE
campo de controle 68366
020 ## - ISBN - INTERNATIONAL STANDARD BOOK NUMBER
ISBN - International Standard Book Number 9788575552865
040 ## - FONTE DA CATALOGAÇÃO
Instituição que transcreveu o registro Anchieta - Pituba
100 ## - ENTRADA PRINCIPAL--NOME PESSOAL
Nome pessoal Brandão, Toni
240 10 - TÍTULO UNIFORME
Título uniforme O garoto verde
Idioma da obra por
245 10 - TÍTULO
Título O garoto verde
300 ## - DESCRIÇÃO FÍSICA
Extensão 204
362 0# - DATAS DE PUBLICAÇÃO E/OU DESIGNAÇÃO SEQUENCIAL
Datas de publicação e/ou designação sequencial 2012
650 #4 - ASSUNTO--TERMO TÓPICO
Cabeçalho tópico ou nome geográfico Literatura juvenil
942 ## - ELEMENTOS DE ENTRADA ADICIONADOS (KOHA)
Tipo de material Koha Livros
Holdings
Situação do descarte Situação das perdas Situação física Não pode ser emprestado Biblioteca de origem Biblioteca atual Data de aquisição Total de empréstimos Número de chamada completo Código de barras Data de último acesso Data do preço efetivo Tipo de material Koha Fonte da classificação ou esquema de arquivamento na estante Nota pública
        Colégio Anchieta - Pituba Colégio Anchieta - Pituba 21/11/2023   LJ 028.5 B817g BRA GAR 23918/PIT 21/11/2023 21/11/2023 Livros    
        Leonardo Da Vinci - Osasco Leonardo Da Vinci - Osasco 13/02/2026   J B817g ex.1 O020291 13/02/2026 13/02/2026 Livros Classificação Decimal de Dewey  
        Novo Tempo - Aureliano São José Novo Tempo - Aureliano São José 24/05/2024     nt905 24/05/2024 24/05/2024 Livros Classificação Decimal de Dewey Estante Verde
        Novo Tempo - Aureliano São José Novo Tempo - Aureliano São José 24/05/2024     nt906 24/05/2024 24/05/2024 Livros Classificação Decimal de Dewey Estante Verde